Senders vora Ter : GR 210 i altres / cartografia: Geotec GR 210 i altres / cartografia:
Publicado:
Barcelona :
Diputació de Barcelona. Oficina Tècnica de Turisme : Consorci de Turisme de Meandres del Ter ,
2006
Descripción Física:
1 f. plegat en 8 parts : il. col., mapa ; 25 cm pleg., 61 x 80 cm despleg.
Otros Autores:
Consorci de Turisme de Meandres del Ter
Materias:
Camins -- Ter
MARC
| LEADER | 00000nam a2200000Ia 4500 | ||
|---|---|---|---|
| 001 | 21140 | ||
| 008 | 160829s2006 xx 000 0 cat d | ||
| 080 | |a FU-28-30 | ||
| 245 | |a Senders vora Ter : |b GR 210 i altres / cartografia: |b Geotec | ||
| 260 | |a Barcelona : |b Diputació de Barcelona. Oficina Tècnica de Turisme : |b Consorci de Turisme de Meandres del Ter, |c 2006 | ||
| 300 | |a 1 f. plegat en 8 parts : |b il. col., mapa ; |c 25 cm pleg., 61 x 80 cm despleg. | ||
| 590 | |a A la part superior de la coberta: Turisme Total | ||
| 650 | |a Camins |x Ter |9 43123 | ||
| 700 | |a Consorci de Turisme de Meandres del Ter |9 43124 | ||
| 710 | |a Barcelona (Catalunya : Província). |b Oficina Tècnica de Turisme |9 53579 | ||
| 710 | 2 | |a Geotec, Estudis i Projectes Geogràfics |9 54089 | |
| 901 | |a Arxiu | ||
| 942 | |n 1 | ||
| 952 | |0 0 |1 0 |4 0 |6 FU2830 |7 1 |9 51218 |a Arxiu |b Arxiu |d 2016-12-01 |l 0 |o FU-28-30 |p 21140 |r 2016-12-01 00:00:00 |w 2016-12-01 |y ARXIU | ||
| 999 | |c 55061 |d 55061 | ||